000 01048aam a2200313 i 4500
999 _c46309
_d46309
001 768714001
003 CO-MdFUSB
005 20201105141028.0
007 ta
008 200523t1926 enka|||| |||| 00| 0 eng d
020 _a[No incluye ISBN]
040 _bspa.
_aCO-MdFUSB
_cCO-MdFUSB
_dCO-MdFUSBC
_erda
041 _aeng
082 _223
_a226.607
_bB659
100 _aBlunt, Alfred Walter Frank.
_eautor
245 1 4 _aThe acts of the apostles in the revised version :
_bwith introduction and commentary
_c/ A. W. F. Blunt
264 1 _aOxford, Inglaterra :
_bThe Clarendon Press,
_c[1926]
264 4 _c© 1926
300 _a272 páginas
_c; 23 cm
336 _atexto
_btxt
_2rdacontent
337 _2rdamedia
_asin mediación
_bn
338 _2rdacarrier
_avolumen
_bnc
505 _aIntroducción al libro de Hechos - Comentario sobre el texto - El estilo y vocabulario de Lucas.
563 _aPasta dura
630 7 _aBiblia.
_pHechos
_xCrítica, interpretación, etc.
942 _cBK
945 _aJTF-925